[Event "Portugal Open 2020"]
[Site "Lisbon"]
[Date "2020.01.31"]
[Round "8.38"]
[White "Ruiz Vinals, Matias"]
[Black "Reis, Luis Sousa"]
[Result "0-1"]
[WhiteElo "1964"]
[BlackElo "2187"]
[Annotator "TA"]
[PlyCount "102"]
[EventDate "2020.01.25"]
[EventType "swiss"]
[EventCountry "POR"]
[SourceTitle "playchess.com"]
[Source "ChessBase"]
[SourceQuality "1"]

{[%evp 9,102,-25,-18,-18,-9,-19,26,-1,11,18,28,0,-4,-31,-28,-34,0,-16,0,0,21,0,77,69,81,8,79,78,199,178,175,175,424,429,392,391,413,412,390,384,332,253,385,333,369,0,361,337,283,272,362,0,0,-18,-21,-113,0,-214,-209,-1029,-765,-2689,-2488,-29974,-29975,-29975,-29976,-29976,-29977,-29977,-29978,-29977,-29978,-29978,-29979,-29983,-29984,-29985,-29985,-29985,-29986,-29986,-29981,-29983,-29984,-29985,-29983,-29983,-29984,-29986,-29987,-29987,-29988,-29988,-29989]} 1. Nf3 d5 2. c4 d4 3. e3 c5 4. exd4 cxd4 5. d3 e5 6. g3 {A09: Réti Opening: 1 Nf3 d5 2 c4} Nc6 7. Bg2 Bb4+ {7...Nf6 is played by the influencers.} 8. Bd2 {White has an edge.} a5 9. O-O {[#] next Nxe5! is good for White.} Nge7 $146 ({Predecessor:} 9... Nf6 10. Re1 Nd7 11. Na3 Bxa3 12. bxa3 O-O 13. Rb1 Qe7 14. Bc1 Nc5 15. Rb5 Bg4 {½-½ (60) Bauer,C (2602)-Argandona Riveiro,I (2364) San Sebastian 2009}) 10. Bxb4 (10. Na3 {feels hotter.} O-O 11. Nb5 Bf5 12. Qe2 Bg4 13. h3) 10... axb4 11. a4 O-O 12. Nbd2 Bf5 13. Qc2 Ng6 14. Rfe1 Re8 15. c5 Qa5 {[#]} (15... Qe7 $11 {keeps the balance.}) 16. Ng5 $1 $16 Re7 17. Nde4 (17. Nge4 $16) 17... h6 (17... Qa6 $1 $11) 18. Nd6 Bxd3 (18... Bd7 $16) 19. Qxd3 $18 hxg5 {[#]} 20. Nxb7 $1 {[%mdl 576] Remove Defender} Rxb7 $2 (20... Qa6 21. Qb5 Re6) 21. Bxc6 Rc7 22. Bxa8 Qxa8 23. Qc4 Qc8 24. Rac1 Qg4 25. Qe2 ({Less strong is} 25. Qxb4 Nh4 $16) 25... Qd7 (25... Qxe2 $142 26. Rxe2 f6) 26. Qb5 Qg4 27. Qe2 Qd7 $1 28. a5 d3 29. Qd2 {[%mdl 64] Double Attack} Qd4 30. Re3 $2 ({Better is} 30. b3 $18) 30... e4 $11 31. a6 Ne5 32. h3 (32. c6 $1 $11) 32... Rxc5 (32... f5 $17 {Hoping for ...f4.} 33. Ra1 Ra7) 33. Rxc5 $2 (33. a7 $11 {and White is okay.} Rxc1+ 34. Qxc1 Qxa7 35. Qc8+ (35. Rxe4 $2 d2 $19) 35... Kh7 36. Qf5+ g6 37. Qxe5) 33... Qxc5 $17 {[%mdl 4096] Endgame KQR-KQN} 34. Kg2 $2 (34. Qd1 Qc2 35. Qxc2 dxc2 36. Re1 Nf3+ {[%mdl 64] Double Attack} 37. Kf1 Nxe1 38. a7) 34... Nc4 $1 $19 {[%csl LRd2,LRe3]} 35. Qe1 d2 36. Qe2 Nxe3+ {Black mates.} 37. fxe3 {KQ-KQ} Qc2 38. a7 d1=Q {[%cal Rc2e2]} 39. a8=Q+ Kh7 {[%cal Rc2e2]} 40. Qxc2 Qxc2+ {KQ-KQ} 41. Kf1 Qb1+ 42. Kf2 Qxb2+ 43. Kf1 Qc1+ 44. Ke2 Qc2+ 45. Ke1 Qc3+ 46. Kf2 Qd2+ 47. Kf1 Qd1+ 48. Kf2 Qf3+ 49. Kg1 b3 50. Qb7 Qd1+ 51. Kg2 Qc2+ {Accuracy: White = 59%, Black = 64%.} 0-1

[Event "Portugal Open 2020"]
[Site "Lisbon"]
[Date "2020.01.31"]
[Round "8.39"]
[White "Costa, Paulo"]
[Black "Martins, Diogo Faria Oliveira"]
[Result "0-1"]
[WhiteElo "2179"]
[BlackElo "1998"]
[Annotator "TA"]
[PlyCount "52"]
[EventDate "2020.01.25"]
[EventType "swiss"]
[EventCountry "POR"]
[SourceTitle "playchess.com"]
[Source "ChessBase"]
[SourceQuality "1"]

{[%evp 24,98,0,0,0,0,-6,-8,0,-11,-4,-22,-16,-21,-8,-20,-30,-161,-161,-161,-161,-161,-161,-174,-161,-179,-164,-183,-183,-183,-179,-172,-177,-322,-279,-279,-277,-275,-275,-281,-281,-281,-281,-275,-266,-266,-233,-233,-233,-404,-404,-406,-398,-382,-381,-372,-23,-367,-367,-357,-326,-485,-485,-485,-485,-525,-485,-474,-375,-467,-438,-566,-546,-614,-606,-952,-950]} 1. Nf3 g6 2. g3 Nf6 3. b3 Bg7 4. Bb2 O-O 5. Bg2 c5 6. c4 Nc6 7. O-O d5 8. cxd5 Nxd5 9. Bxg7 Kxg7 10. Qc1 b6 11. d4 Nxd4 12. Nxd4 cxd4 13. Qc4 {[%mdl 64] [#] Double Attack} Be6 {White must now prevent ...Ne3! A05: Réti Opening: 1 Nf3 Nf6} 14. Qxd4+ Nf6 15. Qb2 Rc8 {The position is equal.} 16. Nd2 {[#]} Qd7 $146 ({Predecessor:} 16... Qc7 17. Rac1 Qb8 18. Rfd1 Kg8 19. Nf3 Rxc1 20. Rxc1 Rc8 21. Nd4 Rxc1+ 22. Qxc1 Bd5 23. Bxd5 Nxd5 {½-½ (30) Pakhomov,A (2416)-Jandric,D (2055) Chennai 2012}) 17. Ne4 Rfd8 18. e3 Bd5 19. Rfd1 {Strongly threatening Nxf6.} Qf5 20. Rxd5 (20. Nxf6 $11 exf6 21. Qe2) 20... Rxd5 $19 21. Nxf6 exf6 22. Bxd5 {aiming for Qd4.} Rc2 ({Not} 22... Qxd5 23. Rc1 $11) 23. Qxc2 Qxc2 {[%mdl 4096] Endgame KQ-KRB} 24. a4 f5 25. Kg2 g5 26. Bc4 h5 {Played: Qc2-d2} 0-1

[Event "Portugal Open 2020"]
[Site "Lisbon"]
[Date "2020.01.31"]
[Round "8.40"]
[White "Heid, Michael"]
[Black "Cambando, Jose"]
[Result "1/2-1/2"]
[WhiteElo "1953"]
[BlackElo "2166"]
[Annotator "TA"]
[PlyCount "169"]
[EventDate "2020.01.25"]
[EventType "swiss"]
[EventCountry "POR"]
[SourceTitle "playchess.com"]
[Source "ChessBase"]
[SourceQuality "1"]

{[%evp 9,169,6,9,-21,-10,-21,5,-23,11,0,12,-30,-26,-55,-55,-67,-62,-105,-54,-60,-53,-178,-131,-275,-35,-155,-85,-111,-88,-84,-33,-42,-31,-241,0,0,0,-11,0,0,0,-15,41,10,44,-12,-18,-11,0,0,0,0,14,13,13,-16,-16,-23,-23,-49,-41,-34,-18,-33,-8,-30,-29,-134,-131,-187,-196,-196,-193,-191,-155,-216,-215,-424,-462,-420,-429,-463,-447,-463,-529,-537,-537,-520,-512,-426,-414,-422,-419,-257,-392,-387,-383,-372,-360,-661,-568,-1196,-1070,-1404,-1338,-1420,-1398,-1327,-1291,-1133,-1045,-729,-576,-728,-427,-375,-379,-1108,-1043,-29973,-29973,-2351,0,0,0,0,0,0,0,0,0,0,0,0,0,0,0,0,0,0,0,0,0,0,0,0,0,0,0,0,0,0,0,0,0,0,0,0,0,0,0,0]} 1. d4 d6 2. Bf4 Nf6 3. e3 Nbd7 4. Nf3 c6 5. c3 Nh5 6. Bg3 {A46: 1 d4 Nf6 2 Nf3 e6: Torre, London and Colle Systems} Nxg3 7. hxg3 e5 8. Bd3 h6 9. Nbd2 {[#]} Be7 $146 ({Predecessor:} 9... Qc7 10. Qb3 Nf6 11. Nh4 Be6 12. Qc2 g6 13. Nhf3 Bg7 14. dxe5 dxe5 15. Ne4 Nxe4 16. Bxe4 {0-1 (26) Radojevic,M-Grdinic,P (1912) Andrijevica 2012}) 10. Nh4 d5 11. dxe5 Nxe5 12. Bc2 Qb6 13. Nb3 a5 (13... Bf6 $17) 14. Qd4 $1 $15 {[%cal Rd4b6]} Qc7 15. Nf5 (15. Nf3 $15 Bf6 16. Nxe5 Bxe5 17. Qd3) 15... Bf6 $36 {[%mdl 2048] White is under strong pressure.} 16. Qf4 {[#]} (16. Qd2 $17 {is a better defense.}) 16... Kf8 $2 (16... g5 $1 $19 {[%cal Rg5f4]} 17. Qa4 b5) 17. O-O-O (17. g4 $1 $15) 17... Bxf5 ({Black should try} 17... g5 18. Qd4 Bxf5 19. Bxf5 a4) 18. Bxf5 Qe7 19. Bc2 Nc4 (19... b5 $17 20. Nd4 b4) 20. Nd4 a4 21. Nf5 $2 (21. a3 $15) 21... Qd8 $2 (21... Qc5 $19 22. Rd4 Bxd4 23. Qxd4 Qxd4 24. cxd4 g6) 22. Bd3 $11 Be5 23. Qh4 Bf6 24. Qf4 Be5 25. Qh4 b5 ({Black should play} 25... Qxh4 $11 26. gxh4 Nb6) 26. Qxd8+ $14 Rxd8 27. Nd4 (27. Bxc4 $14 bxc4 28. e4) 27... Bxd4 $11 28. exd4 Nd6 29. Rde1 Re8 30. Kc2 Re6 31. b3 axb3+ 32. Kxb3 (32. axb3 {feels hotter.} Ke7 33. Ra1 Rb8 34. g4 b4 35. Ra7+) 32... Ke7 33. Rxe6+ fxe6 {[%mdl 4096] Endgame KRB-KRN} 34. Ra1 Rf8 35. f3 Rb8 36. Kb4 Nb7 37. Re1 Kd6 38. Bg6 (38. Ka3 $11) 38... Ra8 $17 39. Re2 (39. Bb1 $17) 39... Ra4+ $19 40. Kb3 Na5+ 41. Kb2 Nc4+ 42. Kb1 (42. Ka1 $17 {might work better.}) 42... Ra3 43. Bf7 $2 (43. Rc2 {was forced.}) 43... e5 44. dxe5+ Nxe5 45. Kb2 Nc4+ 46. Kc2 Rxa2+ 47. Kd1 Rxe2 48. Kxe2 {KB-KN} Kc5 49. Be8 Na5 50. Kd3 b4 51. cxb4+ Kxb4 52. Kd4 {intending Bxc6!} Nb3+ 53. Ke5 Kc5 54. Bf7 $2 (54. g4) 54... Nc1 55. f4 Nd3+ 56. Kf5 Kd4 57. Kg6 c5 58. Kxg7 c4 59. Bh5 Nf2 60. f5 Ne4 {White must now prevent ...Ke5.} 61. Bf3 Nxg3 62. f6 Nf5+ 63. Kg6 $2 (63. Kf7 Nd6+ 64. Ke7) 63... Nd6 64. Kxh6 c3 65. Bd1 Ke3 $2 (65... Ke4 $19 66. Bc2+ Ke3) 66. g4 $1 $11 {The position is equal.} d4 67. g5 d3 {Threatens to win with ...c2.} 68. g6 c2 {[#]} 69. Bxc2 $1 {[%mdl 512]} dxc2 {KN-KPP} 70. f7 c1=Q {( -> ...Qc8)} 71. f8=Q Ke4+ 72. Kh7 Nf5 73. g7 Qh6+ 74. Kg8 Qe6+ 75. Kh7 Qh6+ 76. Kg8 Qg5 77. Qb4+ Ke5 {[%csl Gf5][%cal Rg5g7]} 78. Qc5+ Ke6 {[%csl Gf5][%cal Rg5g7]} 79. Qc8+ Kf6 {[%csl Gf5,Gf6][%cal Rg5g7]} 80. Qc3+ Kg6 {[%cal Rg5d8]} 81. Qc6+ Kh5 {[%csl Gf5][%cal Rg5g7]} 82. Qh1+ Nh4 83. Qd1+ Kh6 {[%csl Gh6][%cal Rg5g7]} 84. Qd6+ Kh5 85. Qd1+ {Accuracy: White = 50%, Black = 80%.} 1/2-1/2

[Event "Portugal Open 2020"]
[Site "Lisbon"]
[Date "2020.01.31"]
[Round "8.41"]
[White "Santos, Antonio P"]
[Black "Atakay, Mustafa"]
[Result "0-1"]
[WhiteElo "2152"]
[BlackElo "1886"]
[Annotator "TA"]
[PlyCount "100"]
[EventDate "2020.01.25"]
[EventType "swiss"]
[EventCountry "POR"]
[SourceTitle "playchess.com"]
[Source "ChessBase"]
[SourceQuality "1"]

{[%evp 9,100,-2,22,0,16,0,0,-72,-68,-60,-56,-127,-66,-98,-97,-131,-42,-23,-18,-51,-37,-53,0,0,0,0,42,31,27,31,50,17,54,24,67,59,67,58,61,54,56,49,54,38,59,0,0,0,0,-8,-8,-8,-8,-8,0,-8,-8,-10,-8,-69,-49,-166,-166,-158,-133,-173,-38,-259,-51,-51,-51,-57,0,0,0,0,0,0,0,-180,-180,-29975,-29974,-29974,-29975,-29975,-29975,-29974,-29975,-29974,-29973,-29989,-29990]} 1. d4 f5 2. Qd3 d5 3. g4 fxg4 4. h3 g3 5. fxg3 Nf6 6. Nc3 {A80: Dutch Defence: Unusual White second moves} e6 7. Bg2 c5 {[#]} 8. Bg5 $146 (8. dxc5 $11 {keeps the balance.} Bxc5 9. Bf4) ({Predecessor:} 8. dxc5 Nc6 9. Bg5 Bxc5 10. O-O-O O-O 11. e4 d4 12. Na4 Be7 13. e5 Nd5 14. Bxe7 Ndxe7 {0-1 (25) Jahnel,G (2275)-Jaster,R (2215) Rostock 1989}) 8... cxd4 $1 $17 9. Qxd4 Nc6 10. Qh4 (10. Qd3 $15) 10... Bb4 (10... Be7 $1 $17 11. O-O-O Qb6) 11. Nf3 O-O 12. O-O Be7 (12... h6 $17 {Threatens to win with ...Bxc3.} 13. Be3 Be7) 13. e4 $15 d4 14. e5 dxc3 15. exf6 Bxf6 ({Better is} 15... Rxf6 $15 16. Rad1 Bd7 17. Bxf6 (17. bxc3 $2 Rxf3 {[%mdl 64] Discovered Attack, Remove Defender} 18. Bxf3 Bxg5 $19) 17... Bxf6) 16. Bxf6 gxf6 17. bxc3 e5 18. Rad1 $36 {[%mdl 2048] White is pushing.} Qe7 $1 19. Nd2 Be6 20. Ne4 {[%cal Re4f6]} (20. Bxc6 $5 bxc6 21. Ne4 $14) 20... Kg7 21. Nd6 f5 22. Qxe7+ Nxe7 23. Bxb7 Rab8 24. a4 a5 25. c4 Bxc4 26. Nxc4 Rxb7 27. Nxa5 (27. Nxe5 $14 Rc8 28. Rf2) 27... Rc7 $11 28. Nb3 Rxc2 29. Rd7 Kf6 30. Rd6+ Kf7 31. Rc1 Rb2 32. Nc5 Rc8 33. Rc4 e4 34. Kf1 (34. Nd7 $11) 34... Ra2 {aiming for ...Rb8.} 35. Ke1 (35. Rc3 $15) 35... Rb8 $1 $19 {[%cal Rb8b2]} 36. Rd2 Ra3 37. g4 e3 (37... Rxh3 $19 {Hoping for ...Rb1+.} 38. Kd1 e3) 38. Rdc2 $2 (38. Rd3 $1 $15 Ra2 39. Nb3) 38... fxg4 $2 (38... Rb1+ $19 39. Rc1 Rb2) 39. hxg4 $15 Nd5 {White must now prevent ...Rb1+.} 40. Ke2 $1 Rb4 ({Black should play} 40... Rb1 $15 41. Nd3 Rh1 42. Ne5+ Kf8) 41. Rxb4 $11 Nxb4 {[%mdl 4096] Endgame KRN-KRN} 42. Rb2 Nd5 {Strongly threatening ...Nf4+.} 43. Kf3 Nc3 44. Ne4 $2 (44. Rb7+ $11 {and White is okay.} Kg6 45. Rb6+ (45. Kxe3 Nxa4+ 46. Rb3 Rxb3+ 47. Nxb3 Kg5 $11) 45... Kf7 46. Rb7+ Kf6 47. Rxh7 (47. Kxe3 Nxa4+ 48. Rb3 Rxb3+ 49. Nxb3 Kg5 $11)) 44... e2 $19 45. Rb7+ $2 (45. Rxe2 $19 Nxe2+ 46. Kxe2) 45... Kg6 {Black mates.} 46. Rb6+ Kg7 $1 47. Rb7+ Kf8 $1 48. Rb8+ Ke7 $1 49. Rb7+ {[#]} Kd8 $1 50. Kf2 {[#]} Ra1 $1 {Accuracy: White = 64%, Black = 70%.} 0-1

[Event "Portugal Open 2020"]
[Site "Lisbon"]
[Date "2020.01.31"]
[Round "8.42"]
[White "Lopez de Turiso, Jose Angel"]
[Black "Garcia Dorado, Alberto"]
[Result "1/2-1/2"]
[WhiteElo "1893"]
[BlackElo "2152"]
[Annotator "TA"]
[PlyCount "56"]
[EventDate "2020.01.25"]
[EventType "swiss"]
[EventCountry "POR"]
[SourceTitle "playchess.com"]
[Source "ChessBase"]
[SourceQuality "1"]

{[%evp 12,56,26,25,41,47,22,16,29,29,29,20,37,0,0,0,0,0,-4,-6,-10,-42,-43,-100,-99,-111,-83,-94,-102,-100,0,0,118,126,136,135,126,100,101,0,0,0,111,0,0,0,100]} 1. d4 d5 2. c4 e6 3. Nc3 Nf6 4. cxd5 exd5 5. Bg5 Bb4 6. e3 h6 7. Bh4 g5 {D35: Queen's Gambit Declined: Exchange Variation} 8. Bg3 Ne4 9. Qc2 h5 10. f3 Nxg3 11. hxg3 Qe7 {[#]} 12. O-O-O $146 ({Predecessor:} 12. e4 dxe4 13. O-O-O Bxc3 14. Qxc3 Rh6 15. fxe4 Bg4 16. Nf3 Nc6 17. d5 Nb4 18. Bc4 {½-½ (44) Georgiev,K (2666)-Georgiev,V (2576) Anzere 2011}) 12... Qxe3+ 13. Kb1 $1 Bxc3 14. bxc3 Qe7 15. g4 h4 16. Nh3 Be6 $1 17. Qb3 {[#]} (17. Qa4+ $15 Nd7 18. Bb5) 17... Nd7 $1 $17 18. Ka1 Nb6 19. Bd3 O-O-O 20. Rhe1 Nc4 (20... Rhg8 $17) 21. Qa4 $11 {[#] Threatens to win with Bxc4.} c6 (21... Rd6 $11) 22. Bxc4 $16 dxc4 23. Qxa7 Rhe8 24. Rb1 {Threatening mate with Qa8+.} b5 25. Qa8+ Kc7 $1 26. Qa7+ Kc8 27. Qa8+ (27. Qxe7 $16 Rxe7 28. Nxg5) 27... Kc7 $1 $11 28. Qa7+ ({White should try} 28. Qa5+ $11 Kb7 29. Rxb5+ cxb5 30. Qxb5+ {[%mdl 64] Double Attack} Ka8 31. Qc6+ Qb7 32. Qa4+ Qa7 33. Qc6+ Qb7 34. Qa4+ Qa7 35. Qc6+ Qb7) 28... Kc8 {Accuracy: White = 72%, Black = 84%.} 1/2-1/2

[Event "Portugal Open 2020"]
[Site "Lisbon"]
[Date "2020.02.01"]
[Round "9.1"]
[White "Grigoryan, Karen H."]
[Black "Indjic, Aleksandar"]
[Result "1-0"]
[WhiteElo "2632"]
[BlackElo "2622"]
[Annotator "TA"]
[PlyCount "93"]
[EventDate "2020.01.25"]
[EventType "swiss"]
[EventCountry "POR"]
[SourceTitle "playchess.com"]
[Source "ChessBase"]
[SourceQuality "1"]

{[%evp 15,93,-10,0,-4,0,-8,0,0,0,-10,-6,0,0,-16,-11,-18,-12,-14,-12,-19,-17,-39,-18,-21,0,-16,0,0,0,0,0,-22,-22,-17,-26,-18,-3,-4,0,0,8,-7,-6,-14,-22,0,243,250,237,0,0,0,5,68,54,54,382,356,366,375,475,341,355,296,226,219,12835,12834,12834,12835,12834,12835,12835,12836,12836,12837,12833,12835,5389,1225]} 1. d4 Nf6 2. Bg5 d5 3. Bxf6 exf6 4. e3 Bd6 5. c4 dxc4 6. Bxc4 f5 7. Nf3 Nd7 8. Nc3 O-O 9. O-O {D00: 1 d4 d5: Unusual lines} Nf6 10. a4 $5 {[%mdl 4] An interesting side line.} a5 $146 ({Predecessor:} 10... c6 11. Qb3 Qe7 12. h3 Rb8 13. Rfd1 g6 14. a5 Kg7 15. Qc2 Be6 16. Bxe6 {½-½ (16) Rozental,E (2219)-Buzas,G (2197) LSS email 2009}) 11. Qb3 {The position is equal.} Qe7 12. Rac1 c6 13. d5 Rb8 14. dxc6 bxc6 15. Qc2 g6 16. Rcd1 Bb7 17. Rfe1 Bb4 18. Re2 Ne4 19. Nd2 {[%cal Rd2e4]} Ng5 20. Nb3 h5 21. Na2 c5 {And now ...Be4 would win.} 22. Nxb4 cxb4 23. Bd5 (23. Rd4 {is more complex.} Ra8 24. Bb5 Be4 25. Qd1 Rfd8 26. Red2) 23... Rbc8 (23... Rfc8 $5 24. Qb1 $8 Qd7 25. Bxb7 Qxb7 $11) 24. Qb1 $1 Bxd5 25. Rxd5 h4 26. h3 $36 {[%mdl 2048] White has good play.} ({But not} 26. Nxa5 $2 Qe4 $1 $19 {[%mdl 512]}) 26... f4 27. Nd4 f3 28. gxf3 Rfd8 29. Rxd8+ ({Avoid the trap} 29. Rxa5 $2 Rxd4 30. exd4 Qxe2 $19) 29... Rxd8 30. Qf1 Rxd4 $2 (30... Kg7 $11 {and Black has nothing to worry.}) 31. exd4 $18 Nxf3+ $11 {[%mdl 4096] Endgame KQR-KQN} 32. Kh1 $2 (32. Kg2 $18 Qb7 33. Re8+ Kg7 34. d5 Qxd5 35. Qb5 Ne1+ {[%mdl 64] Discovered Attack (Double check)} 36. Kf1 $1 {[%mdl 512]} Qh1+ 37. Ke2) 32... Qc7 {[%csl Gf3][%cal Rc7h2]} 33. Kg2 Qc6 34. d5 $1 {[%cal Rd5c6][%mdl 64] Deflection} Qxd5 {Hoping for ...Nd2+.} 35. Re8+ Kg7 $2 {[%mdl 8192] [#]} (35... Kh7 $1 $14 36. Qb5 Ne1+ {[%mdl 64] Discovered Attack (Double check)} 37. Kf1 Qh1+ {[%mdl 64] Double Attack} 38. Ke2 Nf3 39. Qxa5 Nd4+ 40. Kd3 Qd1+ 41. Kc4 Nf5) 36. Qb5 $1 $18 {[%cal Rb5d5]} Ne1+ {[#]} 37. Kf1 $1 Qh1+ 38. Ke2 {White threatens Qe5+ and mate.} Nf3 {[#] Strongly threatening ...Nd4+.} 39. Qd7 $1 {[%cal Rd7d1]} (39. Qxa5 Ng1+ 40. Kd2 Nf3+ 41. Ke3 Qe1+ 42. Kxf3 Qxe8 $16) 39... Qg2 {intending ...Ng1+.} 40. Ke3 Ng5 $2 (40... Qh1 41. Re4 (41. Qc6 Qe1+ 42. Kf4 g5+ 43. Kg4 Qd1 $11) 41... b3) 41. Qd4+ {[%mdl 64] Double Attack. White is clearly winning.} f6 42. Re7+ Nf7 43. Qd7 Qg5+ 44. Kd3 Qf5+ 45. Qxf5 gxf5 46. f4 Kg6 47. Ra7 {Accuracy: White = 97%, Black = 81%.} (47. Rd7 $142 Kg7 48. Ra7) 1-0

[Event "Portugal Open 2020"]
[Site "Lisbon"]
[Date "2020.02.01"]
[Round "9.2"]
[White "Motylev, Alexander"]
[Black "Asadli, Vugar"]
[Result "1/2-1/2"]
[WhiteElo "2640"]
[BlackElo "2538"]
[Annotator "TA"]
[PlyCount "111"]
[EventDate "2020.01.25"]
[EventType "swiss"]
[EventCountry "POR"]
[SourceTitle "playchess.com"]
[Source "ChessBase"]
[SourceQuality "1"]

{[%evp 11,111,1,7,13,14,11,26,14,20,23,37,26,37,22,17,28,25,30,40,-10,38,35,48,42,52,20,23,24,8,8,55,28,22,0,0,0,0,12,6,5,11,2,2,12,10,0,0,0,0,0,0,0,0,0,53,53,53,53,68,68,68,68,68,68,68,68,68,68,68,68,68,68,68,68,68,68,68,68,68,3,68,3,68,68,68,68,68,0,68,68,68,68,68,3,68,10,68,17,68,18,25,0]} 1. e4 e5 2. Nf3 Nc6 3. d4 exd4 4. Nxd4 Bc5 5. Nxc6 Qf6 6. Qf3 dxc6 7. Nc3 {C45: Scotch Game} Be6 8. Be3 Qxf3 9. gxf3 Bxe3 10. fxe3 Ne7 11. Ne2 {[#]} Rd8 $146 ({Predecessor:} 11... Bc4 12. Nf4 Bxf1 13. Rxf1 O-O-O 14. Rg1 g6 15. Rd1 Rxd1+ 16. Kxd1 Re8 17. c4 Ng8 {1-0 (37) Alsina Leal,D (2533)-Granados Gomez,M (2397) Barcelona 2017}) 12. h4 f6 13. Nd4 Bf7 14. b4 O-O 15. c4 Rfe8 (15... a5 $5) 16. Kf2 a5 17. a3 Ng6 18. Kg3 Ra8 19. Be2 Ne5 20. c5 b6 21. Rhc1 b5 $1 22. Rcb1 h5 23. Kf2 Ra6 24. Nxc6 {[%mdl 64] [#] Remove Defender} Rxc6 25. Bxb5 Bc4 26. Bxc6 Nxc6 27. b5 Ne5 28. b6 cxb6 $1 29. cxb6 {Strongly threatening b7.} a4 $1 30. Kg3 {[#] Threatens to win with Rb4.} Bb3 $1 31. Rxb3 $1 axb3 $11 {[%mdl 4096] Endgame KRN-KR} 32. Rb1 Rb8 (32... Nd7 $11 33. Rxb3 Kf7) 33. Rxb3 $14 Nc4 34. b7 {[%mdl 1024] White has compensation.} Kf7 35. a4 $1 Kg6 36. Rb4 Na5 37. Rb5 Nxb7 38. Rb6 Ra8 {aiming for ...Nc5.} 39. Rxb7 Rxa4 {KR-KR} 40. Rb6 Ra3 41. Kf4 Ra4 42. Rd6 Rb4 43. Rd4 Rb5 44. Rd3 Rb4 45. Kg3 (45. Rd2 $14) 45... Ra4 (45... Rb1 $11) 46. Rb3 (46. Rd5 $1 $14) 46... Rc4 (46... Ra1 $11) 47. Rb6 Rc3 48. Kf4 Rc4 49. Rd6 (49. Ra6 $14) 49... Ra4 (49... Rb4 $1 $11) 50. Rd4 (50. Rc6 {keeps more tension.} Rb4 51. Rc7 Ra4 52. Rc5 Rb4 53. Ra5) 50... Ra5 51. Rd3 Ra4 52. Kg3 (52. Rd7 $14) 52... Rb4 (52... Ra1 $11) 53. Ra3 (53. Rd5 $1 $14) 53... Rc4 ({Black should play} 53... Rb1 $11) 54. Ra2 (54. Kf4 $14) 54... Rb4 ({Black should try} 54... Rc1 $1 $11) 55. Kf2 Rc4 56. Kg3 {Accuracy: White = 73%, Black = 77%.} 1/2-1/2

[Event "Portugal Open 2020"]
[Site "Lisbon"]
[Date "2020.02.01"]
[Round "9.3"]
[White "Alekseev, Evgeny"]
[Black "Iturrizaga Bonelli, Eduardo"]
[Result "1/2-1/2"]
[WhiteElo "2623"]
[BlackElo "2597"]
[Annotator "TA"]
[PlyCount "31"]
[EventDate "2020.01.25"]
[EventType "swiss"]
[EventCountry "POR"]
[SourceTitle "playchess.com"]
[Source "ChessBase"]
[SourceQuality "1"]

{[%evp 14,18,27,17,8,29,19]} 1. e4 c5 2. Nf3 e6 3. d4 cxd4 4. Nxd4 a6 5. Bd3 g6 6. O-O Bg7 7. Nf3 Nc6 8. c4 Nge7 {B42: Sicilian: Kan Variation: 5 Bd3} 9. Nc3 O-O {[#]} {Predecessor:} 10. Bf4 $146 d5 11. c5 e5 12. Bg3 dxe4 13. Nxe4 Be6 14. Nd6 Qd7 15. Re1 f6 16. Qe2 {½-½ (59) Abdulov,O (2414)-Efimenko,Z (2637) Konya 2018} 1/2-1/2